Los cinco ríos principales de España y sus terrazas / (Record no. 174174)

MARC details
000 -LEADER
campo de control de longitud fija 01066namaa22002411 4500
001 - NÚMERO DE CONTROL
campo de control 174174
003 - IDENTIFICADOR DE NÚMERO DE CONTROL
campo de control ES-MaACL
005 - FECHA Y HORA DE LA ÚLTIMA TRANSACCIÓN
campo de control 20250815105807.0
008 - DATOS DE LONGITUD FIJA--INFORMACIÓN GENERAL
campo de control de longitud fija 100301s1928 sp |||| | spa d
080 ## - NÚMERO DE LA CLASIFICACIÓN DECIMAL UNIVERSAL
Número de la Clasificación Decimal Universal 551.437(46)
080 ## - NÚMERO DE LA CLASIFICACIÓN DECIMAL UNIVERSAL
Número de la Clasificación Decimal Universal 551.4.036(460)
100 1# - ENTRADA PRINCIPAL--NOMBRE DE PERSONA
Nombre de persona Hernández-Pacheco, Eduardo,
Fechas asociadas al nombre 1872-1965
9 (RLIN) 63012
245 14 - MENCIÓN DEL TÍTULO
Título Los cinco ríos principales de España y sus terrazas /
Mención de responsabilidad, etc. Por Eduardo Hernández-Pacheco.
260 ## - PUBLICACIÓN, DISTRIBUCIÓN, ETC.
Lugar de publicación, distribución, etc. Madrid :
Nombre del editor, distribuidor, etc. Junta para Ampliación de Estudios e Investigaciones Científicas,
Fecha de publicación, distribución, etc. 1928.
300 ## - DESCRIPCIÓN FÍSICA
Extensión 149 p. con LV lám., 1 h. :
Otras características físicas grab. ;
Dimensiones 23 cm.
490 1# - MENCIÓN DE SERIE
Mención de serie Trabajos del Museo Nacional de Ciencias Naturales. Serie Geológica ;
Designación de volumen o secuencia v. 36
650 #4 - PUNTO DE ACCESO ADICIONAL DE MATERIA--TÉRMINO DE MATERIA
Término de materia o nombre geográfico como elemento de entrada Ríos-
Subdivisión geográfica España.
9 (RLIN) 142267
650 #4 - PUNTO DE ACCESO ADICIONAL DE MATERIA--TÉRMINO DE MATERIA
Término de materia o nombre geográfico como elemento de entrada Terrazas (Geología)-
Subdivisión geográfica España.
9 (RLIN) 142268
710 2# - ENTRADA AGREGADA--NOMBRE DE ENTIDAD CORPORATIVA
Nombre de entidad corporativa o nombre de jurisdicción como elemento de entrada Junta para la Ampliación de Estudios e Investigaciones Científicas.
9 (RLIN) 5413
830 00 - PUNTO DE ACCESO ADICIONAL DE SERIE-TÍTULO UNIFORME
Título uniforme Trabajos del Museo Nacional de Ciencias Naturales.
Nombre de parte o sección de la obra Serie geológica
Designación de volumen o secuencia v. 36
9 (RLIN) 189286
852 ## - LOCALIZACIÓN
Ubicación ES-MaACL
Número de control de estantería B-13133(3)
Nota libre .- Encuadernado con otras obras
Holdings
Estatus retirado Estado de pérdida Estado de daño No para préstamo Biblioteca de origen Biblioteca actual Ubicación en estantería Fecha de adquisición Fuente de adquisición Total de préstamos Signatura topográfica completa Código de barras Visto por última vez Precio de reemplazo Tipo de ítem Koha
        Biblioteca del Ateneo de Madrid Biblioteca del Ateneo de Madrid Sala Pardo Bazán 01/03/2010     B-13133(3) 1182825 23/02/2023 23/02/2023 Libro impreso